Avtomatizacija mašinostroiteľnych processov. Tom 2 : Privod i upravlenije rabočimi mašinami

Guardado en:
Detalles Bibliográficos
Formato: Libro
Lenguaje:ruso
Publicado: Moskva : Akademija nauk S.S.S.R., 1953
Etiquetas: Agregar Etiqueta
Sin Etiquetas, Sea el primero en etiquetar este registro!

MARC

LEADER 00000nam a22000003a 4500
001 stu34481
005 20141122053516.9
008 920318s1953----xxr-----------------rus-d
040 |a STU  |b slo 
041 0 |a rus 
044 |a xxr 
245 |a Avtomatizacija mašinostroiteľnych processov. Tom 2 :  |b Privod i upravlenije rabočimi mašinami 
260 |a Moskva :  |b Akademija nauk S.S.S.R.,  |c 1953 
300 |a 370 s 
996 |b 284M015918  |c M*3818/2-1  |l MMKN  |s A  |a 24  |w stu34481_0001